The portable pediatrician's guide to kids / (Record no. 14263)
[ view plain ]
| 000 -LEADER | |
|---|---|
| fixed length control field | 00430cam a2200157 a 4500 |
| 020 ## - ISBN | |
| International Standard Book Number | 0062715933 |
| 020 ## - ISBN | |
| International Standard Book Number | 0062733478 (pbk.) |
| 050 00 - LIBRARY OF CONGRESS CALL NUMBER | |
| Classification Number | RJ61 |
| Item Number | .N24 1996 |
| 100 1# - MAIN ENTRY--Author | |
| Personal name | Nathanson, Laura. |
| 245 14 - TITLE | |
| Title | The portable pediatrician's guide to kids / |
| Statement of responsibility, etc | Laura Walther Nathanson. |
| 250 ## - EDITIONSTATEMENT | |
| Edition statement | 1st ed. |
| 260 ## - PUBLICATION, DISTRIBUTION, ETC.(IMPRINT) | |
| Place of publication, distribution, etc | New York : |
| Name of publisher, distributor, etc | HarperPerennial, |
| Date of publication, distribution, etc | c1996. |
| 300 ## - PHYSICAL DESCRIPTION | |
| Extent | xv, 328 p. ; |
| 650 #0 - SUBJECT--TOPIC | |
| General subdivision | Popular works. |
| 942 ## - ADDED ENTRY ELEMENTS(KOHA) | |
| Source of classification or shelving scheme | Library of Congress Classification |
| Koha item type | General circulation |
| Source of classification or shelving scheme | Not for loan | Location (home branch) | Sublocation (holding branch) | Shelving location | Date accessioned | Full call number | Barcode | Nonpublic note | Koha item type |
|---|---|---|---|---|---|---|---|---|---|
| Library of Congress Classification | Main Campus Library | Main Campus Library | 19/05/2016 | RJ61 .N24 1996 | 2016/018423 | amm | General circulation |